Disease dignosis and control in north american marine aquaculture

Đã lưu trong:
Chi tiết về thư mục
Tác giả chính: Sindermann, Carl J (Tác giả)
Tác giả khác: Lightner, Donald V (autor)
Định dạng: Sách
Ngôn ngữ:Tiếng Anh
Được phát hành: Amsterdam Elsevier 1988
Phiên bản:2a. ed
Loạt:Developments in aquaculture and fisheries science, 17
Những chủ đề:
Các nhãn: Thêm thẻ
Không có thẻ, Là người đầu tiên thẻ bản ghi này!

MARC

LEADER 00000nam a2200000 a 4500
001 UCV4915
003 CL-VaPUC
008 901114e19880000NE |||||||||||||||||eng|d
082 0 4 |a 639.32  |b SIN  |2 21 
100 0 |a Sindermann, Carl J  |e author  |9 299104 
700 |a Lightner, Donald V  |e autor  |9 299105 
245 1 0 |a Disease dignosis and control in north american marine aquaculture 
250 |a 2a. ed 
300 |a 431 p 
942 |c BK 
945 |d 19901114 00:00:00 
260 |a Amsterdam  |b Elsevier  |c 1988 
650 0 |a Acuicultura marina  |9 261222 
650 7 |a CAMARONES ENFERMEDADES  |2 CL-VaPUC  |9 261283 
650 7 |a LANGOSTINOS ENFERMEDADES  |2 CL-VaPUC  |9 261284 
650 7 |a LANGOSTAS ENFERMEDADES  |2 CL-VaPUC  |9 261285 
650 0 |a Almejas  |x Enfermedades   |9 261286 
650 7 |a OSTRAS ENFERMEDADES  |2 CL-VaPUC  |9 261287 
650 7 |a TORTUGAS ENFERMEDADES  |2 CL-VaPUC  |9 261288 
650 7 |a ENFERMEDADES DE LOS PECES  |2 CL-VaPUC  |9 259987 
651 0 |a Estados Unidos  |9 255178 
583 |a last modification  |c 19901114 00:00:00  |k Rodrigo Vera 
490 0 |a Developments in aquaculture and fisheries science, 17 
999 |c 211545  |d 211543 
952 |0 0  |1 0  |4 0  |6 639_320000000000000_SIN_1988  |7 0  |8 A  |9 191143  |a BIBCUR  |b BIBCUR  |d 2019-11-14  |i 2587661  |l 1  |o 639.32 SIN 1988  |p 2587661  |r 2025-04-22  |s 2020-03-10  |w 2019-11-14  |y BK  |k CIM